Atti e Documenti del IX Capitolo Generale - 9° Capitolo Generale (Record n. 98304)

Dettagli MARC
000 -LEADER
fixed length control field 01438nam a22001817a 4500
003 - CONTROL NUMBER IDENTIFIER
control field IT-RoPau
005 - DATE AND TIME OF LATEST TRANSACTION
control field 20220918181103.0
008 - FIXED-LENGTH DATA ELEMENTS--GENERAL INFORMATION
fixed length control field 130327b xxu||||| |||| 00| 0 eng d
040 ## - CATALOGING SOURCE
Transcribing agency IT-RoPau
100 ## - MAIN ENTRY--PERSONAL NAME
Personal name 9° Capitolo Generale
9 (RLIN) 509
245 ## - TITLE STATEMENT
Title Atti e Documenti del IX Capitolo Generale
Remainder of title Ariccia, 25 aprile - 15 maggio 2010
250 ## - EDITION STATEMENT
Edition statement 1° ed
260 ## - PUBLICATION, DISTRIBUTION, ETC. (IMPRINT)
Place of publication, distribution, etc. Roma
Name of publisher, distributor, etc. SSP Casa Generalizia
Date of publication, distribution, etc. 2010
300 ## - PHYSICAL DESCRIPTION
Extent 79 pp.
Dimensions 21 cm
490 ## - SERIES STATEMENT
Series statement Società San Paolo
520 ## - SUMMARY, ETC.
Summary, etc. Indice<br/><br/>Governo generale eletto dal 9° Capitolo generale<br/>Presentazione del Superiore generale Don Silvio Sassi<br/>Partecipanti al 9° Capitolo generale<br/>Proposta di calendario per il 9° Capitolo generale<br/><br/>Celebrazione del 9° Capitolo generale<br/>Saluto e Omelia del Superiore generale Don Silvio Sassi<br/>Relazione del Superiore generale sullo stato della Congregazione<br/><br/>Documento finale del 9° Capitolo generale<br/>- Presentazione<br/>- Introduzione<br/>- Obiettivo, priorità e linee operative<br/>1. Apostolato<br/>2. Comunità e Spiritualità<br/>3. Animazione vocazionale e Formazione<br/>4. Amministrazione e Servizio dell'Autorità<br/>5. Famiglia Paolina<br/>- Messaggio ai collaboratori della Società San Paolo<br/>- Messaggio della Famiglia Paolina<br/>- Mozioni presentate al Capitolo<br/>- Indicazione dell'Assemblea capitolare per la valorizzazione<br/> della Casa di Ariccia<br/>- Saluto e Omelia del Superiore generale Don Silvio Sassi alla<br/> Celebrazione eucaristica conclusiva<br/><br/>
942 ## - ADDED ENTRY ELEMENTS (KOHA)
Source of classification or shelving scheme Dewey Decimal Classification
Koha item type LIBRO
Dati di copia
Withdrawn status Lost status Source of classification or shelving scheme Damaged status Not for loan Home library Current library Date acquired Total Checkouts Full call number Date last seen Price effective from Koha item type
    Dewey Decimal Classification Buone Condizioni Not For Loan PAULUS-BIBLIOTECA PAULUS-BIBLIOTECA 27/03/2013   P C4 27/03/2013 27/03/2013 LIBRO
    Dewey Decimal Classification Buone Condizioni Not For Loan PAULUS-BIBLIOTECA PAULUS-BIBLIOTECA 27/03/2013   P C4 27/03/2013 27/03/2013 LIBRO
CREDITS: SOCIETA' SAN PAOLO Via A.Severo, 58 - ROMA (RM) & PERIODICI SAN PAOLO SRL Via Giotto, 36 MILANO & CISF Via Giotto, 36 MILANO & EDIZIONI SAN PAOLO SRL,  Piazza Soncino, 5 CINISELLO BALSAMO (MI) -- ITALY